Loading...
| Beliefs | 7 | 14.29 | 100% | 43% | 0% |
| Current Events | 1 | 10.00 | 100% | 0% | 0% |
| Fine Arts - Auditory Fine Arts | 3 | 13.33 | 100% | 33% | 0% |
| Fine Arts - Visual Fine Arts | 5 | 8.00 | 80% | 0% | 0% |
| Geography | 3 | 6.67 | 67% | 0% | 0% |
| History - American History | 3 | 16.67 | 67% | 67% | 33% |
| History - European History | 2 | 20.00 | 100% | 50% | 50% |
| History - World History | 2 | 10.00 | 50% | 50% | 0% |
| Literature - American Literature | 4 | 12.50 | 75% | 50% | 0% |
| Literature - British Literature | 4 | 17.50 | 100% | 50% | 25% |
| Literature - European Literature | 4 | 15.00 | 100% | 50% | 0% |
| Literature - World Literature | 1 | 10.00 | 100% | 0% | 0% |
| Other Arts: Auditory | 1 | 10.00 | 100% | 0% | 0% |
| Other Science: Computer Science | 1 | 20.00 | 100% | 0% | 100% |
| Other Science: Math | 1 | 30.00 | 100% | 100% | 100% |
| Philosophy | 6 | 20.00 | 100% | 67% | 33% |
| Science - Biology | 1 | 0.00 | 0% | 0% | 0% |
| Science - Chemistry | 3 | 3.33 | 33% | 0% | 0% |
| Science - Physics | 3 | 16.67 | 100% | 33% | 33% |
| Social Science | 3 | 13.33 | 67% | 67% | 0% |
| 6 | 13.33 | 67% | 67% | 0% |